00629nam a22002537a 4500001001000000003000500010005001700015008004100032010001000073011001000083035001000093040000900103082002100112100003200133245002900165250001000194260004100204300001100245500004200256650002400298650001300322650001700335700002300352000075271CHAP20220329141713.0971013s1975 r 00010 d a72506 a73478 a83035 cCHAP a636.089bA5 197300aAinsworth, Geoffrey Clough. 0aMicosis de los animales. a2 ed. aLeón, España :bAcademia,c1975. a270 p. aTrad. de la 2 ed. en inglés de 197314aHongos patógenos.14aMicosis.14aVeterinaria.0 aAustwick, P. K. C.